Pokémon 0001-1020 - Statistiques

Statistiques générales
  • Ce quiz a été pris 11 fois
  • Le résultat moyen est 16 sur 102
Statistiques - réponses
Hint Réponse % Correct
#0010 Chenipan
88%
#0150 Mewtwo
75%
#1000 Gromago
50%
#0030 Nidorina
50%
#0020 Rattatac
50%
#0160 Aligatueur
38%
#1020 Feu-Perçant
38%
#0250 Ho-Oh
38%
#0140 Kabuto
38%
#0260 Laggron
38%
#0650 Marisson
38%
#0100 Voltorbe
38%
#0460 Blizzaroi
25%
#0600 Clic
25%
#0610 Coupenotte
25%
#0660 Excavarenne
25%
#0670 Floette
25%
#0720 Hoopa
25%
#0540 Larveyette
25%
#0130 Léviator
25%
#0170 Loupio
25%
#0490 Manaphy
25%
#0290 Ningale
25%
#0810 Ouistempo
25%
#0500 Roitiflam
25%
#0120 Stari
25%
#1010 Vert-de-Fer
25%
#0560 Baggaïd
13%
#0550 Bargantua
13%
#0750 Bourrinos
13%
#0070 Boustiflor
13%
#0400 Castorno
13%
#0420 Ceribou
13%
#0760 Chelours
13%
#0520 Colombeau
13%
#0430 Corboss
13%
#0790 Cosmovum
13%
#0580 Couaneton
13%
#0740 Crabominable
13%
#0480 Créhelf
13%
#0910 Crocogril
13%
#0680 DImoclès
13%
#0780 Draïeul
13%
#0310 Élecsprint
13%
#0200 Feuforêve
13%
#0080 Flagadoss
13%
#0970 Floréclat
13%
#0920 Gambex
13%
#0040 Grodoudou
13%
#0900 Hachécateur
13%
#0450 Hippodocus
13%
#0090 Kokiyas
13%
#0180 Lainergie
13%
#0510 Leopardus
13%
#0330 Libégon
13%
#0240 Magby
13%
#0530 Minotaupe
13%
#0800 Necrozma
13%
#0270 Nénupiot
13%
#0700 Nymphali
13%
#0730 Oratoria
13%
#0470 Phyllali
13%
#0710 Pitrouille
13%
#0440 Ptiravi
13%
#0060 Ptitard
13%
#0820 Rongrigou
13%
#0620 Shaofouine
13%
#0300 Skitty
13%
#0110 Smogogo
13%
#0280 Tarsal
13%
#0050 Taupiqueur
13%
#0770 Trepassable
13%
#0590 Trompignon
13%
#0630 Vaututrice
13%
#0690 Venalgue
13%
#0640 Viridium
13%
#0320 Wailmer
13%
#0570 Zorua
13%
#0930 Arboliva
0%
#0340 Barbicha
0%
#0830 Blancoton
0%
#0190 Capumain
0%
#0950 Craparoi
0%
#0410 Dinoclier
0%
#0890 Ethernatos
0%
#0860 Fourbelin
0%
#0880 Galvagon
0%
#0210 Granbull
0%
#0850 Grillepattes
0%
#0870 Hexadron
0%
#0230 Hyporoi
0%
#0380 Latias
0%
#0370 Lovdisc
0%
#0220 Marcacrin
0%
#0350 Milobellus
0%
#0360 Okéoké
0%
#0390 Ouisticram
0%
#0990 Roue-de-Fer
0%
#0960 Taupikeau
0%
#0980 Terraiste
0%
#0840 Verpom
0%
#0940 Zapétrel
0%
Aucun quiz correspondant
Distribution des résultats
% des personnes avec chaque résultat
Percentile par nombre de réponses
Votre historique - résultats
Vous n’avez pas pris ce quiz